000 00197nam a2200073Ia 4500
008 170524s9999 xx 000 0 und d
100 _aKOVWAR- RK
245 0 _aCREATING MARKETS ACROSS THE GLOBE
260 _bVRINDA PUBLICATION DELHI
999 _c7985
_d7985